Administrative Theories and Management Thoughts (Record no. 1978)

MARC details
000 -LEADER
fixed length control field 00383nam a22001457a 4500
008 - FIXED-LENGTH DATA ELEMENTS--GENERAL INFORMATION
fixed length control field 250218b |||||||| |||| 00| 0 eng d
020 ## - INTERNATIONAL STANDARD BOOK NUMBER
ISBN 9788120347342
100 ## - MAIN ENTRY--AUTHOR
Author SAPRU, R. K.
245 ## - TITLE STATEMENT
Title Administrative Theories and Management Thoughts
250 ## - EDITION STATEMENT
Edition statement 2nd
260 ## - PUBLICATION, DISTRIBUTION, ETC. (IMPRINT)
Place of publication Delhi
Name of publisher PHI Learning Private Limited
Date of publication 2013
300 ## - COLLATION
Pagination xxix, 598p.
942 ## - ADDED ENTRY ELEMENTS (KOHA)
Item type Books
050 ## - LIBRARY OF CONGRESS CALL NUMBER
Classification number HD38.2
Item number .S27
Holdings
Source of classification or shelving scheme Not for loan Permanent location Current location Date acquired Accession No. Full call number Barcode. Koha item type
Library of Congress Classification   Samuel Ogbemudia Main Library, University of Abuja Samuel Ogbemudia Main Library, University of Abuja 02/18/2025 2014441245 HD38.2.S27 2025-0115 Books